000 00492nam a2200193Ia 4500
005 20250508151052.0
008 008 250505s9999 xx 000 0 eng d
037 _aTextual
040 _aFEDL
_beng
_cFEDL
041 _aeng
_2eng
084 _a372.3, PAR
_qFEDL
100 _aParker Bertha Morris
245 0 _aCommunity health
260 _c1949
300 _a35p.
700 _a Downing M Elizabeth
_9758334
942 _cTEXL
_h372.3, PAR
999 _c1327399
_d1327399